| 000 | 00716nam a22001937a 4500 | ||
|---|---|---|---|
| 005 | 20170412134213.0 | ||
| 010 | _aB-670045 | ||
| 020 | _c280.00 | ||
| 035 | _aB-670045 | ||
| 037 | _bCL/RP/K.K.Publications | ||
| 082 | _2000 | ||
| 245 | _aSolved papers of assistant prosecuting officers examination | ||
| 250 | _a3rd ed | ||
| 260 |
_aDelhi _bSinghal Law Publications _c2016-17 |
||
| 270 |
_aA-2/157, Bhagat Colony, Sant Nagar _bDelhi _e110084 _k9810486750 |
||
| 300 |
_a447p. _c22cm(pbk) |
||
| 942 |
_2ddc _cEN _h000 _mSOL |
||
| 999 |
_c138824 _d138824 |
||